Implementation an IBM/Cisco SAN (Record no. 177219)

000 -LEADER
fixed length control field 00420nam a2200133Ia 4500
008 - FIXED-LENGTH DATA ELEMENTS--GENERAL INFORMATION
fixed length control field 220217s9999||||xx |||||||||||||| ||und||
020 ## - INTERNATIONAL STANDARD BOOK NUMBER
International Standard Book Number 978-81-8404-513-0
082 ## - DEWEY DECIMAL CLASSIFICATION NUMBER
Classification number 004.65 TAT
100 ## - MAIN ENTRY--PERSONAL NAME
Personal name Tate, Jon. Hew, Joe. Su Kim, Jin. and Kornakiewicz, Mark
9 (RLIN) 5969
245 #0 - TITLE STATEMENT
Title Implementation an IBM/Cisco SAN
260 ## - PUBLICATION, DISTRIBUTION, ETC.
Place of publication, distribution, etc. Shroff publishers and dis. Pvt.
Name of publisher, distributor, etc. Mumbai
Date of publication, distribution, etc. 2008
300 ## - PHYSICAL DESCRIPTION
Other physical details 450
650 ## - SUBJECT ADDED ENTRY--TOPICAL TERM
Topical term or geographic name entry element COMPUTER NETWORK
Holdings
Withdrawn status Lost status Damaged status Not for loan Collection code Home library Current library Shelving location Date acquired Full call number Barcode Date last seen Price effective from Koha item type
        Computer Science and Engineering Central Library Central Library Reference 02/18/2022 004.65 TAT 12408 02/18/2022 02/18/2022 Books

Powered by Koha